Mapa Firestone Hispania. (Record no. 6648)

MARC details
000 -CABECERA
campo de control de longitud fija 00912nam a2200241 a 4500
001 - NÚMERO DE CONTROL
campo de control BRCA_6967
005 - FECHA Y HORA DE LA ÚLTIMA TRANSACCIÓN
campo de control 20190321142929.0
008 - DATOS DE LONGITUD FIJA--INFORMACIÓN GENERAL
campo de control de longitud fija 221111s1940----sp-b######---#000-0#spa-#
041 ## - CÓDIGO DE LENGUA
Código de lengua del texto/banda sonora o título independiente spa
044 ## - CÓDIGO DEL PAÍS DE LA ENTIDAD EDITORA/PRODUCTORA
Código MARC del país sp
050 #4 - SIGNATURA TOPOGRÁFICA DE LA BIBLIOTECA DEL CONGRESO
Número de documento/Ítem .M37 1940
245 10 - MENCIÓN DE TÍTULO
Título Mapa Firestone Hispania.
250 ## - MENCIÓN DE EDICIÓN
Mención de edición 3 y 4
260 ## - PUBLICACIÓN, DISTRIBUCIÓN, ETC.
Lugar de publicación, distribución, etc. España
Nombre del editor, distribuidor, etc. [Firestone]
Fecha de publicación, distribución, etc. [1940]
300 ## - DESCRIPCIÓN FÍSICA
Extensión 2 v.
Otras características físicas 1 mapa
Dimensiones 26 cm.
500 ## - NOTA GENERAL
Nota general Mapa inventariado por Banco de México como libro
500 ## - NOTA GENERAL
Nota general L174
501 ## - NOTA DE "CON"
Nota de “Con” v.1: Mapa Firestone Hispania. 4a ed. vol 2. Oviedo, León, Palencia, Santander, Bilbao, victoria, Burgos.-- v. 2: Mapa Firestone Hispania.
505 0# - NOTA DE CONTENIDO CON FORMATO
Nota de contenido con formato Contiene: v.1. Mapa Firestone Hispania.--v.1.(3a. ed.) Cáceres, Madrid, Ciudad Real.-- v.2.Mapa Firestone Hispania.-- v.2.(4a. ed.) Oviedo, León, Palencia, Santander, Bilbao, Victoria, Burgos.
651 #4 - PUNTO DE ACCESO ADICIONAL DE MATERIA--NOMBRE GEOGRÁFICO
Nombre geográfico España
Subdivisión de forma Mapa
Subdivisión general Carreteras
9 (RLIN) 17357
902 ## - CATALOGADOR
Iniciales GFM
942 ## - ELEMENTOS DE PUNTO DE ACCESO ADICIONAL (KOHA)
Fuente del sistema de clasificación o colocación Library of Congress Classification
Tipo de ítem Koha Libros
Holdings
Estado de retiro Estado de pérdida Estado dañado No para préstamo Localización permanente Ubicación/localización actual Fecha de adquisición Número de inventario Total de préstamos Signatura topográfica completa Código de barras Fecha visto por última vez Precio válido a partir de Tipo de ítem Koha
El ejemplar forma parte de la colección y puede ser consultado según las políticas vigentes.       Biblioteca del Museo Franz Mayer (Rogerio Casas-Alatriste) Biblioteca del Museo Franz Mayer (Rogerio Casas-Alatriste) 22/11/2011 L174   .M37 1940 (L174) 7414 22/03/2019 22/03/2019 Libros